| 000 | 00781nam a2200229Ii 4500 | ||
|---|---|---|---|
| 003 | JO-AjNU | ||
| 008 | 230605s9999||||xx |||||||||||||| ||und|| | ||
| 017 | _a2009/2/566 | ||
| 020 | _a978-9957-33-172-6 | ||
| 040 |
_aJO-AjNU _bara _erda _cJO-AjNU |
||
| 041 | _aara | ||
| 050 | 1 | 4 | _aLB1590.5.I436 2010 |
| 100 | 3 |
_aالإمام،محمد صالح مؤلف/إسماعيل،عبدالرؤوف محفوظ م.مشارك, _eauthor _927319 |
|
| 245 | 0 | 0 | _aالتفكير الإبداعي والناقد رؤية عصرية |
| 250 | _aط1 | ||
| 264 | 3 | 1 | _aعمان:مؤسسة الوراق،2009 |
| 300 | _a269ص | ||
| 336 |
_atext _btxt _2rdacontent |
||
| 337 |
_aunmediated _bn _2rdamedia |
||
| 338 |
_avolume _bnc _2rdacarrier |
||
| 650 | 4 |
_a التفكير الإبداعي _927320 |
|
| 999 |
_aA10463 _c14031 _d14031 |
||